Việt Nam tinh hoa đạo đức : Đạo làm người Việt Nam

Cung cấp cho bạn đọc những chuẩn mực đạo đức được tinh luyện qua cuộc sống hàng ngàn năm, là sự gạn đục khơi trong của nhiều thời đại, làm cơ sở cho cuộc sống hôm nay tiếp tục hoàn thiện một nền đạo đức mới, dân tộc hiện đại và văn...

Ful tanımlama

Kaydedildi:
Detaylı Bibliyografya
Yazar: Bùi Ngọc Sơn
Materyal Türü: Kitap
Dil:Vietnamese
Baskı/Yayın Bilgisi: H. Hồng Đức 2017
Konular:
Etiketler: Etiketle
Etiket eklenmemiş, İlk siz ekleyin!
Thư viện lưu trữ: Thư viện Trường Đại học Nam Cần Thơ
LEADER 01130nam a22001937a 4500
001 NCT_59133
008 190214b xxu||||| |||| 00| 0 vie d
999 |c 2870  |d 2870 
020 |a 9786049517754  |c 160000 
082 0 4 |2 23rd ed.  |a 170.9597  |b S464 
100 1 |a Bùi Ngọc Sơn 
245 1 0 |a Việt Nam tinh hoa đạo đức :  |b Đạo làm người Việt Nam  |c Bùi Ngọc Sơn 
260 |a H.  |b Hồng Đức  |c 2017 
300 |a 401 tr.  |b Ảnh  |c 24cm 
520 3 |a Cung cấp cho bạn đọc những chuẩn mực đạo đức được tinh luyện qua cuộc sống hàng ngàn năm, là sự gạn đục khơi trong của nhiều thời đại, làm cơ sở cho cuộc sống hôm nay tiếp tục hoàn thiện một nền đạo đức mới, dân tộc hiện đại và văn minh. 
653 |a Sách tham khảo 
942 |2 ddc  |c BK 
952 |0 0  |1 0  |2 ddc  |4 0  |6 170_959700000000000_S464  |7 0  |9 15424  |a 000001  |b 000001  |d 2019-02-14  |o 170.9597 S464  |p TK.01271  |r 2019-02-14  |v 160000.00  |w 2019-02-14  |y BK 
980 |a Thư viện Trường Đại học Nam Cần Thơ